जदीद उर्दू - हीन्दी - अंग्रेज़ी शब्दकोश (Record no. 914420)

MARC details
000 -LEADER
fixed length control field 00910nam a2200241Ia 4500
003 - CONTROL NUMBER IDENTIFIER
control field OSt
005 - DATE AND TIME OF LATEST TRANSACTION
control field 20221002050343.0
008 - FIXED-LENGTH DATA ELEMENTS--GENERAL INFORMATION
fixed length control field 220930b |||||||| |||| 00| 0 urd d
020 ## - INTERNATIONAL STANDARD BOOK NUMBER
International Standard Book Number 9789381582732 (hbk)
037 ## - SOURCE OF ACQUISITION
Terms of availability Reference Collections
040 ## - CATALOGING SOURCE
Original cataloging agency CRL
Transcribing agency CRL
Language of cataloging urh
041 ## - LANGUAGE CODE
Source of code urh
Language code of text/sound track or separate title urh
100 ## - MAIN ENTRY--PERSONAL NAME
Personal name उस्मानी, सज्जाद, ले.
245 #0 - TITLE STATEMENT
Title जदीद उर्दू - हीन्दी - अंग्रेज़ी शब्दकोश
260 ## - PUBLICATION, DISTRIBUTION, ETC.
Place of publication, distribution, etc. दिल्ली
Name of publisher, distributor, etc. स्वराज प्रकाशन
Date of publication, distribution, etc. 2013
300 ## - PHYSICAL DESCRIPTION
Extent 795पृ0
Dimensions cm.
942 ## - ADDED ENTRY ELEMENTS (KOHA)
Classification part P168:4k, 152Q3(RR)
Koha item type
Source of classification or shelving scheme Colon Classification (CC)
Holdings
Withdrawn status Lost status Damaged status Not for loan Home library Current library Date acquired Source of acquisition Total Checkouts Full call number Barcode Date last seen Price effective from Koha item type
        Central Library Central Library 2022-10-02 Gift, 29/05/2019,   P168:4k 152Q3(RR) CL1172746 2022-10-02 2022-10-02  
Copyright @ Delhi University Library System